Statistics for Bass Players by Picture

Click here to take the quiz!

General Stats

  • This quiz has been taken 60 times
    (49 since last reset)
  • The average score is 10 of 24

Answer Stats

Answer% Correct
Paul McCartney
92%
Lemmy
86%
Flea
81%
Cliff Burton
64%
Geddy Lee
61%
Geezer Butler
61%
John Entwistle
53%
John Paul Jones
53%
Bill Wyman
42%
Bootsy Collins
42%
Duff McKagen
42%
Jason Newsted
39%
Les Claypool
39%
Jack Bruce
33%
Kim Deal
33%
Jaco Pastorius
31%
Kim Gordon
28%
James Jamerson
25%
Larry Graham
22%
Bill Black
19%
Chris Squire
19%
Stanley Clarke
17%
Charles Mingus
14%
Donald "Duck" Dunn
11%

Score Distribution

Percentile by Number Answered

Percent of People with Each Score

Your Score History

You have not taken this quiz since the last reset